Responses for show #4793 - Wednesday, June 8, 2005

Contestants

[<< previous game]

Daniel Granof, an associate producer originally from Bethesda, Maryland

Susie Sisson, a high school English teacher from Omaha, Nebraska

Kevin Blackley, a service consultant from Los Angeles, California (whose 1-day cash winnings total $26,000)

[next game >>]

Jeopardy! Round responses

19th CENTURY AMERICA
TV CATCHPHRASES
(Alex: You have to name the program.)
POTPOURRI
THE SHARKS
THE JETS
"WEST" SIDE STORY
    $200 25
(Kevin: Who is Van Buren?)

William Henry Harrison

KevinDaniel
    $200 1
All in the Family

Kevin
    $200 20
hitches

Daniel
    $200 10
teeth

Daniel
    $200 15
the Korean War

Daniel
    $200 6
Westminster Abbey

Daniel
    $400 26
the War of 1812

Kevin
    $400 2
Mission: Impossible

Kevin
    $400 21
Ringling Brothers

Daniel
    $400 11
the whale shark

Kevin
    $400 16
England

Kevin
    $400 7
Westinghouse

Kevin
    $600 27
Harper's Ferry

Kevin
    $600 3
Kojak

Daniel
    $600 22
(Kevin: What is no brain?)
(Susie: What is no soul?)

no head

KevinSusie
Triple Stumper
    $600 12
the great white shark

Daniel
    $600 17
the 707

Daniel
    $600 8
Dr. Ruth Westheimer

Daniel
    $800 28
the O.K. Corral

Kevin
    $800 4
Sanford and Son

Kevin
    $800 23
watch faces (or watch dials)

Kevin
    $800 13
the hammerhead shark

Daniel
    $800 18
(Daniel: What is Gulfstream?)

Lear

Daniel
Triple Stumper
    $800 9
(Susie: What is the Western Wind?)
...
(Alex: Oh, you were so close!)

the West Wind

Susie
Triple Stumper
    $1000 29
Miles Standish

Susie
    $1000 5
(Kevin: Who was Abbott and Costello?)

The Honeymooners

Kevin
Triple Stumper
    $1000 24
a Holy Year

Triple Stumper
    $1000 14
the mako shark

Kevin
    $1000 19
the (SR-71) Blackbird

Kevin
    $1,000 30
William Westmoreland

Susie

Scores at the first commercial break (after clue 15):

Kevin Susie Daniel
$2,200 -$800 $3,200

Scores at the end of the Jeopardy! Round:

Kevin Susie Daniel
$5,400 $600 $3,800

Double Jeopardy! Round responses

"BI"OLOGY
JOCKEY SHORTS
HELL ON EARTH
DELI-CACIES
LINES FROM POE
BIBLICAL RHYME TIME
    $400 7
a bivalve

Kevin
    $400 12
(Willie) Shoemaker

Susie
    $400 17
Michigan

Daniel
    $400 4
pastrami

Susie
    $400 1
Greece

Triple Stumper
    $400 26
Eve's peeves

Kevin
    $800 8
the bile duct

Triple Stumper
    $800 22
a furlong

Kevin
    $800 18
Wyoming

Kevin
    $800 13
a matzah ball

Daniel
    $800 2
(Alex: And that would be [*]. What are [*]? The tintinnabulation of [*].)

the bells

Triple Stumper
    $800 27
Abel's stables

Kevin
    $1200 9
binomial (nomenclature)

Kevin
    $1200 23
Dick Francis

Kevin
    $1200 19
Norway

Susie
    $1200 14
a blintz

Kevin
    $1200 3
"The Tell-Tale Heart"

Kevin
    $1200 28
Paul's malls

Daniel
    $1600 10
bilateral symmetry

Kevin
    $1600 24
the Belmont Stakes

Daniel
    $1600 20
Kenya

Daniel
    $1600 15
chopped liver

Kevin
    $2,000 5
(Alex: That's right. "A Cask of [*].")

amontillado

Susie
    $1600 29
Daniel's spaniels

Kevin
    $6,000 11
(Kevin: [Closes eyes, thinking] What is... a biology?)

a biome

Kevin
    $2000 25
(Alex: And that "colorful" jockey's name was [*].)

Red Pollard

Triple Stumper
    $2000 21
the Cayman Islands

Kevin
    $2000 16
rugelach

Daniel
    $2000 6
"The Pit and the Pendulum"

Triple Stumper
    $2000 30
(Alex: Ahhh, you'll like this one. What are [*]?)
[Three simultaneous groans are audible]

Luke's nukes

Triple Stumper

Scores at the end of the Double Jeopardy! Round:

Kevin Susie Daniel
$14,200 $4,600 $11,400

[wagering suggestions for these scores]

Final Jeopardy! Round responses

CHARITABLE WORK
(Alex: Jamie Foxx stars in a very good movie called Ray about Ray Charles this year.)
...
(Alex: No, Ray said, "Imagine not being able to hear music." He was talking about [*].)
SusieWhat is blindness?
$4,600
DanielWhat is blindness?
$2,100
KevinWhat is blindness?
$8,601
deafness (or hearing impairment)

Final scores:

Kevin Susie Daniel
$5,599 $0 $9,300
2nd place: $2,000 3rd place: $1,000 New champion: $9,300

Game dynamics:

Coryat scores:

Kevin Susie Daniel
$20,200 $4,200 $11,400
25 R,
4 W
(including 1 DD)
6 R
(including 2 DDs),
2 W
17 R,
1 W

Combined Coryat: $35,800

The J! Archive is created by fans, for fans. The Jeopardy! game show and all elements thereof, including but not limited to copyright and trademark thereto, are the property of Jeopardy Productions, Inc. and are protected under law. This website is not affiliated with, sponsored by, or operated by Jeopardy Productions, Inc. Join the discussion at JBoard.tv.